Регионална библиотека "Любен Каравелов" - Русе

Портрети и анализи (Запис номер 32992)

MARC детайли
000 -Лидер
Контролно поле с фиксирана дължина 01639nam a2200349 c 4500
003 - Код на организацията, давaща контролен номер
Контролно поле BLK
005 - Дата и час на последна редакция
Контролно поле 20230407030357.0
008 - Елементи от данни с фиксирана дължина
fixed length control field 180408b bul|||||r ||||||| ||bul||
010 ## - Наследен системен номер
LC control number KNG00035675000
020 ## - Международен стандартен номер на книга ISBN
Международен стандартен номер на книга ISBN 954-01-1033-5
-- издат.: Просвета
040 ## - Източник на каталожния запис
Идентификатор на билиотеката - собственик на записа BLK
041 ## - Код за език
Код за езика на текст/звукозапис или на отделно заглавие Български
Код за езика КДБФ Български
080 ## - УДК
Текстов определител УДК Българска литература в основното училище. Методика на обучението
УДК код - определител по УДК 373.3.016:821.163.2
УДК определител (075.2)
УДК - код + определител 373.3.016:821.163.2(075.2)
100 1# - Редна дума - Автор
Автор Танев, Димитър Христов
Авторска отговорност първи автор
R(LIN) 254878
139 ## - Редно поле
Редна дума Танев, Димитър Христов и др.
Авторски знак Тане - Т 29
245 10 - Сведения за заглавието
Заглавие Портрети и анализи
Подзаглавни данни за VІІІ кл. на СОУ : Уч. помагало по лит.
Редно поле (дума) Димитър Христов Танев; съавт. Димитър Щерев Кирков.
257 ## - Страна на издаване
Страна на създаване/издаване България
260 ## - Област на издателските данни
-- София
Име на издателя, разпространителя и проч. Просвета
Година на издаване 2001
Печатница София : Балкан прес АД
300 ## - Физическа характеристика
Страници 119 с.
Илюстрации и др. с портр.
Размери/Мащаб 21 см
380 ## - Жанр
Жанр Обществени науки
500 ## - Общи забележки
Забележка Офс. изд. - Съдържа и Терминол. речник. - Библиогр. с. 116-118.
504 ## - Забележка за наличие на библиография и др
Забележка за наличие на библиография и под. 116-118
650 #4 - Допълнително описание по предмет – тема
Основно описание – тема или топоним Българска литература - учебници за основни училища
9 (RLIN) 250869
653 ## - Ключова дума – ненормативна
Ключова дума българска литература
653 ## - Ключова дума – ненормативна
Ключова дума учебници за основни училища
700 1# - Други автори (авторска отговорност)
Лично име Кирков, Димитър Щерев
Автороска отговорност (Описва отношението между автора и произведението) съавт.
9 (RLIN) 364323
852 ## - Местоположение
Форматна сигнатура Цб 207965
856 4# - Електронен адрес и достъп
Електронен формат pdf - файл
Път до файла /url/
856 4# - Електронен адрес и достъп
Електронен формат pdf - файл
Път до файла /url/
942 ## - АРТИКУЛИ
Вид на библиотечния материал Книги
Скрит в OPAC Не
944 ## - СЪЗДАВАНЕ И РЕДАКЦИЯ на ЗАПИСА
Създаване/Редакция Създаване
Дата на регистрацията/редакция 15.01.2003
Служител, извършил регистрацията/редакцията Кети_Илиева
944 ## - СЪЗДАВАНЕ И РЕДАКЦИЯ на ЗАПИСА
Създаване/Редакция Редакция
Дата на регистрацията/редакция 07.09.2006
Служител, извършил регистрацията/редакцията
999 ## - СИСТЕМНИ КОНТРОЛНИ НОМЕРА
Koha biblionumber 32992
Koha biblioitemnumber 32992
Наличности
Код за отписване Код за изгубен артикул Източник на класификационната схема Код за повреда Коз за рестрикции Код за отдаване Артикулен № Име на библиотеката - собственик Име на библиотеката, в която се намира в момента Статус (Текущо местоположение) Дата на вписване в системата Местоположение - отдел Цена в лева Инвентарен номер Систематично азбучна сигнатура Баркод Номер на екземпляра Цена в евро Служебна бележка Служебен тип на артикула
Изтеглен Не е изгубен Universal Decimal Classification Не е повреден без рестрикции ползва се в читалня 52688 Регионална библиотека "Любен Каравелов" Русе Регионална библиотека "Любен Каравелов" Русе Читалня 2001-01-01 Читалня 3.90 662492 Ч 372/Т 29 120000662492 1 1.99 Дост: Pk Вид: Ф N: стар фонд Дата: 01.01.2001 Дата инв: 29.03.2017 Бележки инв: Ч2017 Книги
  Не е изгубен Universal Decimal Classification Не е повреден без рестрикции ползва се в читалня 52689 Регионална библиотека "Любен Каравелов" Русе Регионална библиотека "Любен Каравелов" Русе Хранилище 2001-01-01 Хранилище 3.90 666967 Цб 207965 120000666967 2 1.99 Дост: Dp Вид: Д N: 31 Дата: 01.01.2001 Книги
Vip Innovations Ltd, Rousse, Bulgaria 2025